Regionálna analýza výdavkových a príjmových skupín
Autorka sa zamerala na charakterizovanie životnej úrovne na základe ukazovateľa čistých peňažných výdavkov a príjmov domácností prepočítaných na jedného člena domácnosti v jednotlivých krajoch Slovenska v roku 2008. Zdrojom spracovaných údajov je štatistika rodinných účtov.
Gespeichert in:
| 1. Verfasser: | |
|---|---|
| Format: | Buchkapitel |
| Sprache: | Slowakisch |
| Schlagworte: | |
| Tags: |
Keine Tags, Fügen Sie das erste Tag hinzu!
|
MARC
| LEADER | 00000naa$a2200000$$$4500 | ||
|---|---|---|---|
| 001 | 0132556 | ||
| 005 | 20240502072512.2 | ||
| 041 | 0 | |a slo | |
| 044 | |a SK | ||
| 245 | 1 | 0 | |a Regionálna analýza výdavkových a príjmových skupín |c Mária Vojtková |
| 520 | |a Autorka sa zamerala na charakterizovanie životnej úrovne na základe ukazovateľa čistých peňažných výdavkov a príjmov domácností prepočítaných na jedného člena domácnosti v jednotlivých krajoch Slovenska v roku 2008. Zdrojom spracovaných údajov je štatistika rodinných účtov. | ||
| 610 | 2 | 0 | |a úroveň životná |
| 610 | 2 | 0 | |a výdavky obyvateľstva |
| 610 | 2 | 0 | |a príjmy |
| 610 | 2 | 0 | |a domácnosti |
| 610 | 2 | 0 | |a Slovensko |
| 610 | 2 | 0 | |a kraje |
| 610 | 2 | 0 | |a štatistika |
| 100 | 1 | |a Vojtková, Mária, 1966- | |